| 000 | 01268nam a2200325 a 4500 | ||
|---|---|---|---|
| 003 | CHAP | ||
| 005 | 20220329143631.0 | ||
| 008 | 101028s2008 mx 00010 spa d | ||
| 010 | _a99618 | ||
| 011 | _a100590 | ||
| 020 | _a9789701349847 | ||
| 035 | _a111276 | ||
| 040 | _cCHAP | ||
| 090 | _aCD-148 | ||
| 110 | 0 |
_aInstituto Nacional de Estadística, Geografía e Informática. México _959304 |
|
| 245 | 1 | 0 |
_aProyecto principales resultados por localidad 2005 : _h[Disco compacto] _bEstados Unidos Mexicanos _c/por Instituto Nacional de Estadística, Geografía e Informática |
| 246 | 3 | _aConteo de población y vivienda 2005 : principales resultados por localidad Estados Unidos Mexicanos | |
| 246 | 3 | _aIRIS : navegador geoestadístico de México | |
| 260 |
_aAguascalientes, Ags. : _bINEGI, _c2008 |
||
| 300 |
_a1 disco compacto ; _c4 3/4 plgs. |
||
| 590 |
_aBATCH-UPD _b10 _c20130110 _lUCH01 _h0928 |
||
| 590 |
_aBATCH-UPD _b10 _c20130410 _lUCH01 _h0548 |
||
| 590 |
_aBATCH-UPD _b10 _c20130914 _lUCH01 _h1822 |
||
| 590 |
_aCONVERSION _b10 _c20130109 _lUCH01 _h1355 |
||
| 650 | 0 | 4 |
_aMéxico _xCensos (2005) _976667 |
| 650 | 0 | 4 |
_aPoblación _xEstadísticas _zMéxico. _989385 |
| 901 | _aBK | ||
| 942 | _cCD | ||
| 949 |
_aCD -148 _bBC _cCD _d33724002096545 _eCD _i111276 _sb |
||
| 999 |
_c99618 _d99618 |
||